Geography Quiz

Random Geography or World Quiz
Score 0/15 Timer 06:00
2 Plays Today
Question Answer Wrong Answers
Which of these cities is geographically farthest from Riga, Latvia? ???
81.5%
???
1%
???
1.8%
???
1.5%
Which of these cities is geographically farthest from Caracas, Venezuela? ???
80.3%
???
1.9%
???
4.8%
???
7.1%
Which of these cities is geographically farthest from Pristina, Kosovo? ???
79.6%
???
8.2%
???
10.2%
???
1%
Which of these cities is geographically farthest from La Paz, Bolivia? ???
75.4%
???
2.1%
???
1.5%
???
18.7%
Which of these cities is farthest from Sarajevo, Bosnia and Herzegovina? ???
74.7%
???
8.9%
???
1.2%
???
1.6%
Starting with Washington, D.C. (United States), click the capital city from the selection that is geographically farthest away. ???
73.4%
???
1.9%
???
11.9%
???
12.8%
Which of these cities is farthest from Kingstown, St Vincent? ???
72.4%
???
4.5%
???
2.9%
???
6.2%
Which of these cities is geographically farthest from Hanoi, Vietnam? ???
71.4%
???
11.4%
???
4.3%
???
5.7%
Which of these cities is geographically farthest from Chisinau, Moldova? ???
70.4%
???
14.3%
???
4.2%
???
1.5%
Which of these cities is farthest from Yamoussoukro, Côte d'Ivoire? ???
67%
???
11.1%
???
4.7%
???
4.9%
Which of these cities is farthest from Basseterre, St Kitts and Nevis? ???
65%
???
2.5%
???
13.2%
???
10.8%
Which of these cities is farthest from San Salvador, El Salvador? ???
51.8%
???
10.5%
???
2%
???
22.6%
Which of these cities is geographically farthest from Malé, Maldives? ???
49.4%
???
33.9%
???
7.5%
???
5.5%
Which of these cities is geographically farthest from Funafuti, Tuvalu? ???
25.4%
???
15.8%
???
21.6%
???
26.7%
Which of these cities is geographically farthest from Praia, Cabo Verde? ???
23.4%
???
53%
???
2.9%
???
6.4%

You're not logged in!

Compare scores with friends on all Sporcle quizzes.
OR
Log In

Sporcle TV

Today on Sporcle TV


Watch our educational content, quiz creation guides, and fun videos on Sporcle TV.

Show Comments

Extras

Top Quizzes Today


Score Distribution

Your Account Isn't Verified!

In order to create a playlist on Sporcle, you need to verify the email address you used during registration. Go to your Sporcle Settings to finish the process.

Report this User

Report this user for behavior that violates our Community Guidelines.

Details: